000 00569nam a22001937a 4500
005 20251108175433.0
008 250721s2015 xx 000 0 ara d
082 1 4 _a923.541/خضر
100 1 _aخضر، هشام
245 1 0 _aلورنس العرب ملك الجواسيس /
264 1 _aالقاهرة :
_bمكتبة النافذة،
_c2015.
300 _a207ص.
650 1 7 _aالتراجم
650 1 7 _aالعسكريون
650 1 7 _aالثورة العربية الكبرى 1916
650 1 7 _aالجواسيس
942 _2ddc
_cBK
999 _c134092
_d134092